Sports Quiz

Random Sports or World Quiz

Brazil's World Cup Squad 2010 Quiz Stats

 Plays Quiz not verified by Sporcle

Challenge
Share
Tweet
Embed
Score 0/23 Timer 06:00
0 Plays Today
Position Player Name % Correct
MidfielderRicardo Kaka
91.3%
GoalkeeperJulio Cesar
89.1%
ForwardRobinho
89.1%
DefenseMaicon
84.8%
DefenseLucio
81.5%
ForwardLuis Fabiano
76.1%
DefenseDani Alves
65.2%
DefenseJuan
60.9%
DefenseGilberto
54.3%
MidfielderElano
54.3%
DefenseThiago Silva
46.7%
MidfielderFelipe Melo
44.6%
Position Player Name % Correct
DefenseMichel Bastos
43.5%
MidfielderGilberto Silva
41.3%
MidfielderRamires
41.3%
GoalkeeperHeurelho Gomes
38%
GoalkeeperDoni
38%
ForwardNilmar
38%
DefenseLuisao
28.3%
ForwardGrafite
25%
MidfielderJosue
23.9%
MidfielderJulio Baptista
22.8%
MidfielderKleberson
21.7%

You're not logged in!

Compare scores with friends on all Sporcle quizzes.
OR
Log In

You Might Also Like...

Show Comments

Extras

Top Quizzes Today


Score Distribution

Your Account Isn't Verified!

In order to create a playlist on Sporcle, you need to verify the email address you used during registration. Go to your Sporcle Settings to finish the process.

Report this User

Report this user for behavior that violates our Community Guidelines.

Details: